Print and pleasure: (Record no. 40125)

MARC details
000 -LEADER
fixed length control field 01022nam a22002657a 4500
008 - FIXED-LENGTH DATA ELEMENTS--GENERAL INFORMATION
fixed length control field 081212t xxu||||| |||| 00| 0beng d
010 ## - LCCN (DPL NO)
LC control number ENG-98820
020 ## - INTERNATIONAL STANDARD BOOK NUMBER
Terms of availability 695.00
International Standard Book Number 9788178242491
020 ## - INTERNATIONAL STANDARD BOOK NUMBER
Terms of availability 695.00
International Standard Book Number 8178242494
035 ## - SYSTEM CONTROL NUMBER
System control number EN-82352
037 ## - SOURCE OF ACQUISITION
Source of stock number/acquisition DBAD / PUB
040 ## - CATALOGING SOURCE
Original cataloging agency dpl
Language of cataloging English
082 ## - DEWEY DECIMAL CLASSIFICATION NUMBER
Classification number 070.50954
100 ## - MAIN ENTRY--PERSONAL NAME
9 (RLIN) 3724
Personal name Orsini, Francesca
245 ## - TITLE STATEMENT
Title Print and pleasure:
Statement of responsibility, etc by Francesca Orsini
Remainder of title popular literature and entertaining fictions in colonial North India /
260 ## - PUBLICATION, DISTRIBUTION, ETC. (IMPRINT)
Place of publication, distribution, etc Ranikhet
Name of publisher, distributor, etc Permanent Black
Date of publication, distribution, etc 2009
270 ## - ADDRESS
Address Himalayana', aaaamall Road, Ranikhet Cantt,
City Ranikhet
Postal code 263645
300 ## - PHYSICAL DESCRIPTION
Extent xiii, 310p.
Dimensions 22cm (Hb)
500 ## - GENERAL NOTE
General note Includes bibliographical references and index
600 ## - SUBJECT ADDED ENTRY--PERSONAL NAME
Personal name Baba Visakha Singh
General subdivision Biography.
9 (RLIN) 3725
650 ## - SUBJECT ADDED ENTRY--TOPICAL TERM
9 (RLIN) 8634
700 ## - ADDED ENTRY--PERSONAL NAME
9 (RLIN) 6162
942 ## - ADDED ENTRY ELEMENTS (KOHA)
Source of classification or shelving scheme Dewey Decimal Classification
Item type English Books
Call number suffix ORS
Classification part 070.50954
Holdings
Withdrawn status Lost status Source of classification or shelving scheme Damaged status Not for loan Collection code Home library Current library Date acquired Source of acquisition Cost, normal purchase price Total Checkouts Full call number Barcode Date last seen Copy number Cost, replacement price Koha item type
    Dewey Decimal Classification   Not For Loan Non-fiction D.B.Act.Division D.B.Act.Division 07/08/2010 DBAD/PUB 695.00   070.50954 ORS EN-82352 07/08/2010 1 695.00 English Books

© Delhi Public Library
Hit Counter
free hit counter